Darts Premier League Winners - Statistics

General Stats
  • This quiz has been taken 68 times
  • The average score is 19 of 21
Answer Stats
Hint Answer % Correct
2024 Littler
98%
2012 Taylor
98%
2010 Taylor
98%
2008 Taylor
98%
2007 Taylor
98%
2006 Taylor
98%
2005 Taylor
98%
2023 Van Gerwen
98%
2022 Van Gerwen
98%
2019 Van Gerwen
98%
2018 Van Gerwen
98%
2017 Van Gerwen
98%
2016 Van Gerwen
98%
2013 Van Gerwen
98%
2025 Humphries
95%
2015 Anderson
87%
2011 Anderson
87%
2014 Van Barneveld
72%
2021 Clayton
70%
2009 Wade
65%
2020 Durrant
52%
No matching quizzes found
Score Distribution
Percent of People with Each Score
Percentile by Number Answered
Your Score History
You have not taken this quiz